MANUAL OF PRACTICAL BIOCHEMISTRY (Record no. 32327)

MARC details
000 -LEADER
fixed length control field 00338nam a22001457a 4500
003 - CONTROL NUMBER IDENTIFIER
control field SGT
020 ## - INTERNATIONAL STANDARD BOOK NUMBER
International Standard Book Number 978-81-8296-351-1
082 ## - DEWEY DECIMAL CLASSIFICATION NUMBER
Classification number 612.015
Item number GUP
100 ## - MAIN ENTRY--PERSONAL NAME
Personal name GUPTA, DR. S.K.
245 ## - TITLE STATEMENT
Title MANUAL OF PRACTICAL BIOCHEMISTRY
260 ## - PUBLICATION, DISTRIBUTION, ETC. (IMPRINT)
Place of publication, distribution, etc DELHI, INDIA
Name of publisher, distributor, etc ABC PUB.
Year of Publication 2018
300 ## - PAGE DESCRIPTION
No. of Pages 222
650 ## - SUBJECT ADDED ENTRY--TOPICAL TERM
Topical term or geographic name as entry element BIOCHEMISTRY
942 ## - ADDED ENTRY ELEMENTS (KOHA)
Source of classification or shelving scheme Dewey Decimal Classification
Koha item type Books
Holdings
Withdrawn status Lost status Source of classification or shelving scheme Damaged status Not for loan Collection code Home library Current library Shelving location Date acquired SGTU Total Checkouts Full call number Accession No. (Barcode) Date last seen Bill Date Koha item type Date last borrowed
    Dewey Decimal Classification     SCIENCE SGT Science & Social Sciences Library SGT Science & Social Sciences Library Text Book 23/08/2025 SGTU   612.015 GUP DP1 23/08/2025 23/08/2025 Books  
    Dewey Decimal Classification     SCIENCE SGT Science & Social Sciences Library SGT Science & Social Sciences Library Text Book 23/08/2025 SGTU 1 612.015 GUP DP2 09/03/2026 23/08/2025 Books 12/02/2026
    Dewey Decimal Classification     SCIENCE SGT Science & Social Sciences Library SGT Science & Social Sciences Library Text Book 23/08/2025 SGTU   612.015 GUP DP3 23/08/2025 23/08/2025 Books  
    Dewey Decimal Classification     SCIENCE SGT Science & Social Sciences Library SGT Science & Social Sciences Library Text Book 23/08/2025 SGTU   612.015 GUP DP4 23/08/2025 23/08/2025 Books  
    Dewey Decimal Classification     SCIENCE SGT Science & Social Sciences Library SGT Science & Social Sciences Library Text Book 23/08/2025 SGTU   612.015 GUP DP5 23/08/2025 23/08/2025 Books